Most casualties in WW1 - Statistics

General Stats
  • This quiz has been taken 135 times
  • The average score is 8 of 10
Answer Stats
Hint Answer % Correct
Central powers Germany
99%
Allied powers France
98%
Allied powers Russia
98%
Central powers Austria-Hungary
91%
Allied powers USA
88%
Allied powers Italy
82%
Allied powers Serbia
65%
Central powers Turkey
63%
Allied powers Romania
49%
Allied powers England
46%
No matching quizzes found
Score Distribution
Percent of People with Each Score
Percentile by Number Answered
Your Score History
You have not taken this quiz